La flecha / (Record no. 112894)

MARC details
000 -LEADER
campo de control de longitud fija 00430nam a2200157 i 4500
001 - NÚMERO DE CONTROL
campo de control 112894
003 - IDENTIFICADOR DE NÚMERO DE CONTROL
campo de control ES-MaACL
005 - FECHA Y HORA DE LA ÚLTIMA TRANSACCIÓN
campo de control 20230906185706.0
007 - CAMPO FIJO DE DESCRIPCIÓN FÍSICA--INFORMACIÓN GENERAL
campo de control de longitud fija t|
008 - DATOS DE LONGITUD FIJA--INFORMACIÓN GENERAL
campo de control de longitud fija 061121q19701979pr r ||||1| spa d
100 1# - ENTRADA PRINCIPAL--NOMBRE DE PERSONA
Nombre de persona Murray Chiesa, Walter.
9 (RLIN) 84650
245 13 - MENCIÓN DEL TÍTULO
Título La flecha /
Mención de responsabilidad, etc. Walter Murray Chiesa.
260 ## - PUBLICACIÓN, DISTRIBUCIÓN, ETC.
Lugar de publicación, distribución, etc. Puerto Rico :
Nombre del editor, distribuidor, etc. Mobil Oil Caribe,
Fecha de publicación, distribución, etc. [197-?]
300 ## - DESCRIPCIÓN FÍSICA
Extensión 14 p. ;
Dimensiones 22 cm.
852 ## - LOCALIZACIÓN
Ubicación ES-MaACL
Número de control de estantería 2113-F-6
Sublocalización o colección R.99947
Holdings
Estatus retirado Estado de pérdida Estado de daño No para préstamo Colección Biblioteca de origen Biblioteca actual Ubicación en estantería Fecha de adquisición Fuente de adquisición Total de préstamos Signatura topográfica completa Código de barras Visto por última vez Precio de reemplazo Tipo de ítem Koha
        Colección de folletos Biblioteca del Ateneo de Madrid Biblioteca del Ateneo de Madrid Depósito folletos 17/01/2008     2113-F-6 1117760 23/02/2023 23/02/2023 Folleto